000
00413nam a22001697a 4500
003
MPLRDC
005
20220104144524.0
008
210129b ||||| |||| 00| 0 eng d
082
_a
193 ZGF-2
100
_a
曾国藩原著
245
_a
曾国藩最有影响的家书
_c
250
_a
初版
260
_a
_b
中国戏剧出版社
_c
2002
300
_b
平
650
_a
家庭伦理
942
_c
BK
_o
193 ZGF-2
999
_c
50434
_d
50424